00385nam a22001097a 4500003000400000005001700004008004100021022001400062245012100076260006100197300001700258dpl20260209130426.0260209b |||||||| |||| 00| 0 eng d a0971-4456 aAsian Journal of Dairy and Food Research bFormerly : Journal of Dairying, Foods and Home SciencescHarjinder Singh  aKarnalbAgricultural Research Communication Centrec2025 aVOL.44. NO.6